Normal view MARC view

Entry Topical Term

Number of records used in: 1

001 - CONTROL NUMBER

  • control field: 58669

003 - CONTROL NUMBER IDENTIFIER

  • control field: OSt

005 - DATE AND TIME OF LATEST TRANSACTION

  • control field: 20260130124007.0

008 - FIXED-LENGTH DATA ELEMENTS

  • fixed length control field: 260130|| aca||aabn | a|a d

040 ## - CATALOGING SOURCE

  • Original cataloging agency: OSt
  • Transcribing agency: OSt

150 ## - HEADING--TOPICAL TERM

  • Topical term or geographic name entry element: Economics, Start-Up Rate Decline, Labor Supply Growth, Demographics, Firm Dynamics, Incumbent Survival, Business Life Cycle, Cross-State Variation, Entry Rate Series, Historical Establishment Data, Entrepreneurship, U.S. Economy

670 ## - SOURCE DATA FOUND

  • Source citation: Work cat.: (OSt)527838: Karahan, Fatih Pugsley, Benjamin and Şahin, Ayşegül 58668, Demographic origins of the start-up deficit

Powered by Koha